=LDR 00000nam 2200000 4500 =001 INLIS000000000025450 =005 20130612123946 =008 ***********************************Ind** =035 ##$$0010-061300000025450 =041 ##$$a Ind =082 ##$$a 2X2.6 =090 ##$$a 2X2.6, Hid c =100 ##$$a Hidayat, Kidh =245 ##$$a Tauladan untuk anak sholeh, Kidh Hidayat =260 ##$$a 2000 $b Surabaya =300 ##$$a 86 hlm, ilus, 18 cm =650 ##$$a Teladan untuk anak sholeh =850 ##$$a NBPNMAT